COMPUTER SYSTEM ARCHITECTURE AND ORGANISATION (Record no. 34404)

MARC details
000 -LEADER
fixed length control field 00307nam a22001457a 4500
003 - CONTROL NUMBER IDENTIFIER
control field SGT
082 ## - DEWEY DECIMAL CLASSIFICATION NUMBER
Classification number 004.22,SAI
100 ## - MAIN ENTRY--PERSONAL NAME
Personal name SAINI SPS
245 ## - TITLE STATEMENT
Title COMPUTER SYSTEM ARCHITECTURE AND ORGANISATION
250 ## - EDITION STATEMENT
Edition statement 1st
260 ## - PUBLICATION, DISTRIBUTION, ETC. (IMPRINT)
Year of Publication 2008
300 ## - PAGE DESCRIPTION
No. of Pages 450
942 ## - ADDED ENTRY ELEMENTS (KOHA)
Source of classification or shelving scheme Dewey Decimal Classification
Koha item type Gifted Books
Holdings
Withdrawn status Lost status Source of classification or shelving scheme Damaged status Not for loan Collection code Home library Current library Shelving location Date acquired Vendor Name Cost, normal purchase price SGTU Full call number Accession No. (Barcode) Date last seen Bill Date Koha item type
    Dewey Decimal Classification     ENGINEERING SGT Engineering Library SGT Engineering Library Text Book 18/03/2026 GIFTED 185.00 SGTU 004.22,SAI FE9528 18/03/2026 18/03/2026 Gifted Books